| 000 | 00640nam a2200253Ia 4500 | ||
|---|---|---|---|
| 001 | AUWbook000106 | ||
| 003 | BDCtgAUW | ||
| 005 | 20260406154810.0 | ||
| 008 | 220908s9999 xx 000 0 eng d | ||
| 020 | _a1582970688 | ||
| 040 |
_aBDCtgAUW _cBDCtgAUW |
||
| 050 | _aPN4390.B45 | ||
| 100 | 1 |
_aBender, Sheila, _eauthor. _92604 |
|
| 245 | 0 | _aKeeping a journal you love. | |
| 260 |
_aCincinnati : _bWalking Stick Press, _c2001. |
||
| 650 | 0 | _aAutobiographies. | |
| 650 | 0 | _aDiaries. | |
| 650 | 0 |
_aDiaries _xAuthorship. _976381 |
|
| 650 | 0 | _aLiterature. | |
| 887 |
_a BRAC _22982 |
||
| 888 | _22982 | ||
| 942 |
_cBK _00 _2lcc |
||
| 945 | _cBK | ||
| 999 |
_c16420 _d16420 |
||